|
|
|
|
| LEADER |
00716nta a2200193 i 4500 |
| 001 |
dipl112933 |
| 005 |
20210427085321.0 |
| 008 |
210415s1993 hu om 0|| zxx d |
| 040 |
|
|
|a SZTE Diploma Repozitórium
|b hun
|
| 041 |
|
|
|a zxx
|
| 100 |
1 |
|
|a Orosz István
|
| 245 |
1 |
0 |
|a Morfogenetikai-vulkanológia vizsgálatok az Északnyugati és Észekkeleti-Kárpátok neogén tűhányóin
|h [elektronikus dokumentum] /
|c István Orosz
|
| 260 |
|
|
|c 1993
|
| 650 |
|
4 |
|a Pedagógusképzés
|
| 650 |
|
4 |
|a Natural sciences
|
| 650 |
|
4 |
|a Earth and related environmental sciences
|
| 650 |
|
4 |
|a Volcanology
|
| 700 |
1 |
|
|a Oláh Ferenc
|e ths
|
| 856 |
4 |
0 |
|u http://diploma.bibl.u-szeged.hu/id/eprint/112933/1/1993_orosz_istvan.pdf
|z Dokumentum-elérés
|